[Event "1er Open International de Purticciu"]
[Site "Grosseto Prugna"]
[Date "2014.05.06"]
[Round "1.1"]
[White "Fressinet, Laurent"]
[Black "Venel, Frederic"]
[Result "1-0"]
[WhiteElo "2711"]
[BlackElo "1527"]
[PlyCount "35"]
[EventDate "2014.??.??"]

1. e4 e5 2. Nf3 Nc6 3. Bc4 Bc5 4. c3 d6 5. d4 exd4 6. cxd4 Bb4+ 7. Nc3 Nf6 8.
O-O O-O 9. Bg5 Bg4 10. Nd5 Ba5 11. Qd3 Nb4 12. Nxb4 Bxb4 13. Qb3 Bxf3 14. Qxf3
Ba5 15. e5 d5 16. Bd3 h6 17. Bxf6 gxf6 18. Qf5 1-0

[Event "1er Open International de Purticciu"]
[Site "Grosseto Prugna"]
[Date "2014.05.06"]
[Round "1.2"]
[White "Casanova, Laurent"]
[Black "Edouard, Romain"]
[Result "0-1"]
[WhiteElo "1499"]
[BlackElo "2692"]
[PlyCount "50"]
[EventDate "2014.??.??"]

1. d4 Nf6 2. Nc3 d5 3. Nf3 c5 4. e3 Nc6 5. Bd3 Bg4 6. h3 Bxf3 7. Qxf3 cxd4 8.
e4 dxc3 9. b3 dxe4 10. Bxe4 Nd4 11. Qd3 Nxe4 12. Qxe4 f5 13. Qd3 e5 14. g3 e4
15. Qd1 Nf3+ 16. Ke2 Qb6 17. Kf1 Rd8 18. Kg2 Rxd1 19. Rxd1 Bc5 20. Be3 Bxe3 21.
fxe3 Qxe3 22. Rd8+ Kxd8 23. Rd1+ Kc8 24. h4 Qe2+ 25. Kh3 Qh2# 0-1

[Event "1er Open International de Purticciu"]
[Site "Grosseto Prugna"]
[Date "2014.05.06"]
[Round "1.4"]
[White "Guazzelli, Frederic"]
[Black "Tregubov, Pavel V"]
[Result "0-1"]
[WhiteElo "1499"]
[BlackElo "2616"]
[PlyCount "66"]
[EventDate "2014.??.??"]

1. d4 Nf6 2. Nf3 c5 3. e3 g6 4. Be2 Bg7 5. c3 O-O 6. O-O b6 7. Nbd2 Bb7 8. h3
d6 9. Nh2 e5 10. Bf3 e4 11. Be2 Nbd7 12. Qc2 Qe7 13. Re1 Rac8 14. f3 Rfe8 15.
f4 Nd5 16. Bg4 f5 17. Bd1 cxd4 18. Qb3 dxc3 19. Ndf1 Nc5 20. Qa3 Nd3 21. Re2
cxb2 22. Bxb2 Nxb2 23. Rxb2 Bxb2 24. Qxb2 Qg7 25. Qxg7+ Kxg7 26. g4 Rc3 27. Kf2
Nxf4 28. exf4 e3+ 29. Kg1 e2 30. Bxe2 Rxe2 31. Ng3 Rxg3+ 32. Kf1 Rxh2 33. Ke1
Ba6 0-1

[Event "1er Open International de Purticciu"]
[Site "Grosseto Prugna"]
[Date "2014.05.06"]
[Round "1.5"]
[White "Burmakin, Vladimir"]
[Black "Hamard, Sonia"]
[Result "1-0"]
[WhiteElo "2578"]
[BlackElo "1499"]
[PlyCount "55"]
[EventDate "2014.??.??"]

1. Nf3 e6 2. g3 Nf6 3. Bg2 Bc5 4. d4 Bb4+ 5. c3 Ba5 6. O-O O-O 7. a4 Nc6 8. b4
d5 9. bxa5 Ng4 10. Nbd2 Nxa5 11. e4 b6 12. Ba3 Re8 13. exd5 exd5 14. Re1 Nc4
15. Nxc4 dxc4 16. h3 c5 17. Rxe8+ Qxe8 18. hxg4 Bxg4 19. dxc5 Rd8 20. Qe1 f5
21. Qxe8+ Rxe8 22. c6 Re2 23. Nd4 Rd2 24. f3 Rxg2+ 25. Kxg2 Bh5 26. c7 Kf7 27.
c8=Q Kf6 28. Qxf5# 1-0

[Event "1er Open International de Purticciu"]
[Site "Grosseto Prugna"]
[Date "2014.05.06"]
[Round "1.6"]
[White "Cuneo, Christine"]
[Black "Malaniuk, Vladimir P"]
[Result "0-1"]
[WhiteElo "1456"]
[BlackElo "2550"]
[PlyCount "82"]
[EventDate "2014.??.??"]

1. e4 e5 2. Bc4 Nf6 3. d3 Nc6 4. Nf3 h6 5. O-O d6 6. h3 Na5 7. Nbd2 g6 8. b4
Nxc4 9. Nxc4 Bg7 10. c3 O-O 11. Re1 Re8 12. Be3 b6 13. Qd2 Kh7 14. Qc2 Bb7 15.
Rad1 Qd7 16. a3 a5 17. Bd2 axb4 18. axb4 Bc6 19. Ra1 Ba4 20. Qb2 Bb5 21. Qb3
Qe6 22. Rad1 Ba4 23. Qb1 Bxd1 24. Qxd1 Ra7 25. Qb1 Rea8 26. Qd1 Ra1 27. Qe2
R8a2 28. Rxa1 Rxa1+ 29. Kh2 b5 30. Ne3 d5 31. exd5 Nxd5 32. Nxd5 Qxd5 33. Be3
f5 34. Qb2 Rd1 35. d4 f4 36. Qc2 Ra1 37. Bd2 e4 38. Ne5 Bxe5 39. dxe5 Ra2 40.
c4 Rxc2 41. cxd5 Rxd2 0-1

[Event "1er Open International de Purticciu"]
[Site "Grosseto Prugna"]
[Date "2014.05.06"]
[Round "1.7"]
[White "Koziak, Vitali"]
[Black "Podvin, Celine"]
[Result "1-0"]
[WhiteElo "2502"]
[BlackElo "1431"]
[PlyCount "44"]
[EventDate "2014.??.??"]

1. d4 Nf6 2. c4 e6 3. Nf3 b6 4. g3 Bb7 5. Bg2 Bb4+ 6. Bd2 Bxd2+ 7. Nbxd2 d6 8.
O-O Nbd7 9. Re1 O-O 10. e4 e5 11. d5 a5 12. b3 Nc5 13. Qc2 Qd7 14. a3 Ba6 15.
b4 Qa4 16. Qc3 Ncd7 17. b5 Bb7 18. Nh4 Nc5 19. Bf3 Bc8 20. Bd1 Qxd1 21. Raxd1
Bg4 22. f3 Bd7 1-0

[Event "1er Open International de Purticciu"]
[Site "Grosseto Prugna"]
[Date "2014.05.06"]
[Round "1.8"]
[White "Lardies, Jean-Michel"]
[Black "Hamitevici, Vladimir"]
[Result "0-1"]
[WhiteElo "1430"]
[BlackElo "2462"]
[PlyCount "52"]
[EventDate "2014.??.??"]

1. d4 Nc6 2. Nf3 d5 3. e3 Bg4 4. Be2 Qd6 5. h3 Bh5 6. O-O O-O-O 7. c4 dxc4 8.
Nc3 Nf6 9. Bxc4 e5 10. Be2 a6 11. Re1 h6 12. d5 Nxd5 13. Nxd5 Qxd5 14. Qxd5
Rxd5 15. b3 Bb4 16. Rd1 Rxd1+ 17. Bxd1 Bc3 18. Rb1 Bg6 19. Bb2 Bxb1 20. Bxc3
Rd8 21. Nd2 Bxa2 22. b4 Rd3 23. Bg4+ Kb8 24. Ne4 Bd5 25. Be2 Bxe4 26. Bxd3 Bxd3
0-1

[Event "1er Open International de Purticciu"]
[Site "Grosseto Prugna"]
[Date "2014.05.06"]
[Round "1.9"]
[White "Terrieux, Kevin"]
[Black "Dionisy Very, Jean-Philippe"]
[Result "1-0"]
[WhiteElo "2416"]
[BlackElo "1420"]
[PlyCount "59"]
[EventDate "2014.??.??"]

1. d4 d5 2. c4 e6 3. Nf3 Nc6 4. Nc3 Nf6 5. Bg5 Be7 6. e3 O-O 7. Rc1 b6 8. cxd5
Nxd5 9. Bxe7 Ncxe7 10. Bd3 Nxc3 11. Rxc3 Nd5 12. Rc1 Nb4 13. Be4 Rb8 14. a3 Nd5
15. Qc2 f5 16. Bd3 b5 17. Ne5 Bd7 18. O-O Rb7 19. Be2 b4 20. Bf3 b3 21. Qd2 Rb6
22. Rc5 Rb5 23. Bxd5 exd5 24. Qc3 Rxc5 25. Qxc5 Be6 26. f4 Qb8 27. Rc1 Qd8 28.
Qxc7 Qxc7 29. Rxc7 Ra8 30. Re7 1-0

[Event "1er Open International de Purticciu"]
[Site "Grosseto Prugna"]
[Date "2014.05.06"]
[Round "1.10"]
[White "Ballati, Gregory"]
[Black "Stets, Dmitry"]
[Result "0-1"]
[WhiteElo "1405"]
[BlackElo "2410"]
[PlyCount "46"]
[EventDate "2014.??.??"]

1. e4 c5 2. c3 Nf6 3. e5 Nd5 4. d4 cxd4 5. cxd4 d6 6. Nf3 Nc6 7. Bc4 e6 8. O-O
Be7 9. Bxd5 exd5 10. Re1 O-O 11. Nc3 dxe5 12. Nxe5 Nxe5 13. Rxe5 Be6 14. Re2
Bd6 15. Qd3 Rc8 16. Bd2 Qh4 17. h3 Rc4 18. Rae1 Rxd4 19. Qb5 Bxh3 20. Be3 Bh2+
21. Kxh2 Bxg2+ 22. Kxg2 Rg4+ 23. Kf3 Qh3# 0-1

[Event "1er Open International de Purticciu"]
[Site "Grosseto Prugna"]
[Date "2014.05.06"]
[Round "2.1"]
[White "Bernardin, Marc"]
[Black "Fressinet, Laurent"]
[Result "0-1"]
[WhiteElo "1806"]
[BlackElo "2711"]
[PlyCount "62"]
[EventDate "2014.??.??"]

1. Nf3 d5 2. g3 Bg4 3. Bg2 Nd7 4. O-O e5 5. d3 Ngf6 6. Nbd2 Bc5 7. c4 e4 8. Ne1
Qe7 9. dxe4 dxe4 10. Nb3 Bb6 11. Qc2 a5 12. Bg5 a4 13. Bxf6 Nxf6 14. Nc1 O-O
15. e3 Rfd8 16. Ne2 a3 17. bxa3 Rxa3 18. Nd4 Bxd4 19. exd4 Rxd4 20. f3 Be6 21.
fxe4 Rxc4 22. Qb2 b6 23. e5 Ng4 24. Nf3 Ne3 25. Rf2 Qc5 26. Qd2 Nxg2 27. Qd8+
Qf8 28. Qxf8+ Kxf8 29. Kxg2 Bd5 30. Raf1 Rcc3 31. h4 h5 0-1

[Event "1er Open International de Purticciu"]
[Site "Grosseto Prugna"]
[Date "2014.05.06"]
[Round "2.2"]
[White "Edouard, Romain"]
[Black "Tomasi, Albert"]
[Result "1-0"]
[WhiteElo "2692"]
[BlackElo "1823"]
[PlyCount "55"]
[EventDate "2014.??.??"]

1. d4 Nf6 2. Nf3 g6 3. g3 Bg7 4. Bg2 O-O 5. c4 c5 6. Nc3 cxd4 7. Nxd4 Nc6 8.
O-O a6 9. c5 Nxd4 10. Qxd4 d6 11. cxd6 Ne8 12. Qh4 Nxd6 13. Rd1 Bd7 14. Nd5 Nf5
15. Qb4 Bb5 16. Bg5 f6 17. Nxf6+ exf6 18. Rxd8 Raxd8 19. Bf4 g5 20. Bc7 Rd7 21.
Bh3 g4 22. Bxg4 Rd4 23. Qb3+ Bc4 24. Qf3 Nh6 25. Rc1 Bd5 26. Qxd5+ Rxd5 27.
Be6+ Kh8 28. Bxd5 1-0

[Event "1er Open International de Purticciu"]
[Site "Grosseto Prugna"]
[Date "2014.05.06"]
[Round "2.4"]
[White "Tregubov, Pavel V"]
[Black "Lhostis, Florian"]
[Result "1-0"]
[WhiteElo "2616"]
[BlackElo "1780"]
[PlyCount "37"]
[EventDate "2014.??.??"]

1. d4 Nf6 2. c4 g6 3. g3 c6 4. Bg2 d5 5. Nf3 Bg7 6. O-O O-O 7. Qb3 e6 8. Nc3
Nfd7 9. e4 Nb6 10. c5 N6d7 11. Bg5 f6 12. Bf4 Re8 13. Rfe1 b6 14. exd5 Nf8 15.
Nd2 e5 16. dxe5 fxe5 17. Be3 Kh8 18. dxc6 Be6 19. Qa3 1-0

[Event "1er Open International de Purticciu"]
[Site "Grosseto Prugna"]
[Date "2014.05.06"]
[Round "2.5"]
[White "Biancarelli, Pablo"]
[Black "Burmakin, Vladimir"]
[Result "0-1"]
[WhiteElo "1735"]
[BlackElo "2578"]
[PlyCount "90"]
[EventDate "2014.??.??"]

1. d4 d5 2. c4 e6 3. Nc3 Nf6 4. cxd5 exd5 5. Bg5 c6 6. Qc2 Be7 7. e3 Nbd7 8.
Bd3 h6 9. Bh4 Nh5 10. Bg3 Nxg3 11. hxg3 Nf6 12. O-O-O a5 13. f3 a4 14. Nge2 Qa5
15. g4 Rg8 16. e4 dxe4 17. Bxe4 a3 18. b3 Be6 19. Rhe1 Bb4 20. Bf5 Bxf5 21.
Qxf5 Qxf5 22. gxf5 O-O-O 23. Rd3 Rge8 24. Red1 h5 25. Rg1 Re7 26. g4 hxg4 27.
fxg4 Rh8 28. g5 Nd7 29. Rg2 Rh1+ 30. Rd1 Rh3 31. Kc2 Ree3 32. Na4 b5 33. Nc5
Nxc5 34. dxc5 Bxc5 35. g6 fxg6 36. fxg6 Kc7 37. Nf4 Rhf3 38. Nh5 Rc3+ 39. Kb1
Bd4 40. Rgd2 Be5 41. Nxg7 Bxg7 42. Rd7+ Kb6 43. Rxg7 Rf2 44. Rf7 Rb2+ 45. Ka1
Rcc2 0-1

[Event "1er Open International de Purticciu"]
[Site "Grosseto Prugna"]
[Date "2014.05.06"]
[Round "2.6"]
[White "Malaniuk, Vladimir P"]
[Black "Podvin, Antoine"]
[Result "1-0"]
[WhiteElo "2550"]
[BlackElo "1736"]
[PlyCount "65"]
[EventDate "2014.??.??"]

1. d4 Nf6 2. Nf3 e6 3. c4 b6 4. Nc3 Bb4 5. Bg5 h6 6. Bh4 Bxc3+ 7. bxc3 O-O 8.
e4 g5 9. Nxg5 Nxe4 10. Nf3 Ng5 11. Nxg5 hxg5 12. Qg4 f5 13. Qg3 f4 14. Qg4 e5
15. Bxg5 d6 16. Bxd8+ Bxg4 17. Bxc7 exd4 18. f3 Bf5 19. cxd4 Nc6 20. Bxd6 Rfe8+
21. Kf2 Rad8 22. Bxf4 Rxd4 23. Be3 Rd7 24. c5 Rde7 25. Bc4+ Be6 26. Bb5 Bd7 27.
Rhe1 Nb4 28. Bc4+ Kh7 29. cxb6 axb6 30. Bxb6 Rxe1 31. Rxe1 Kh6 32. Rxe8 Bxe8
33. g4 1-0

[Event "1er Open International de Purticciu"]
[Site "Grosseto Prugna"]
[Date "2014.05.06"]
[Round "2.7"]
[White "Bunoust, Lucas"]
[Black "Koziak, Vitali"]
[Result "0-1"]
[WhiteElo "1714"]
[BlackElo "2502"]
[PlyCount "30"]
[EventDate "2014.??.??"]

1. d4 Nf6 2. c4 e6 3. Nc3 Bb4 4. Qc2 c5 5. dxc5 Bxc5 6. e3 O-O 7. Nf3 d5 8. Bd3
dxc4 9. Bxc4 b6 10. O-O Bb7 11. e4 Qc7 12. Bd3 Nc6 13. a3 Rfe8 14. Qe2 Ng4 15.
h3 Nd4 0-1

[Event "1er Open International de Purticciu"]
[Site "Grosseto Prugna"]
[Date "2014.05.06"]
[Round "2.8"]
[White "Hamitevici, Vladimir"]
[Black "Medaglia, Enzo"]
[Result "1-0"]
[WhiteElo "2462"]
[BlackElo "1721"]
[PlyCount "37"]
[EventDate "2014.??.??"]

1. d4 Nf6 2. Nf3 g6 3. Bf4 Bg7 4. e3 d6 5. h3 c5 6. c3 O-O 7. Be2 cxd4 8. exd4
a6 9. a4 h6 10. O-O Nfd7 11. Bh2 e5 12. Nbd2 Re8 13. Nc4 e4 14. Ne1 d5 15. Nd6
Rf8 16. Qb3 Nf6 17. Nxb7 Bxb7 18. Qxb7 Ne8 19. Qxa8 1-0

[Event "1er Open International de Purticciu"]
[Site "Grosseto Prugna"]
[Date "2014.05.06"]
[Round "2.9"]
[White "Leibenguth, Jean"]
[Black "Terrieux, Kevin"]
[Result "0-1"]
[WhiteElo "1710"]
[BlackElo "2416"]
[PlyCount "40"]
[EventDate "2014.??.??"]

1. e4 d5 2. exd5 Nf6 3. c4 c6 4. dxc6 Nxc6 5. Nf3 e5 6. Nc3 e4 7. Ng5 Bf5 8. f3
exf3 9. Nxf3 Bc5 10. Qe2+ Be6 11. d3 O-O 12. Bg5 Bg4 13. O-O-O h6 14. Ne4 hxg5
15. Nxc5 Qa5 16. Qe3 Qxa2 17. h3 Bxf3 18. gxf3 Qa1+ 19. Kc2 Nb4+ 20. Kc3 Nfd5+
0-1

[Event "1er Open International de Purticciu"]
[Site "Grosseto Prugna"]
[Date "2014.05.06"]
[Round "2.10"]
[White "Stets, Dmitry"]
[Black "Dongu-Cuneo, Yann"]
[Result "1-0"]
[WhiteElo "2410"]
[BlackElo "1712"]
[PlyCount "65"]
[EventDate "2014.??.??"]

1. e4 c5 2. Nf3 d6 3. d4 cxd4 4. Nxd4 Nf6 5. Nc3 g6 6. Be3 Bg7 7. f3 O-O 8. Bc4
Nc6 9. Bb3 Bd7 10. h4 Rc8 11. Qd2 Ne5 12. h5 Nc4 13. Bxc4 Rxc4 14. hxg6 fxg6
15. O-O-O Qa5 16. Nb3 Qa6 17. e5 Ne8 18. exd6 Bxc3 19. bxc3 Qxd6 20. Qe2 Qa3+
21. Kb1 Rc7 22. Bc1 Qa4 23. Qxe7 Rf7 24. Qe5 Qb5 25. Rhe1 Qxe5 26. Rxe5 Ng7 27.
Nc5 Bc6 28. Bh6 Rce7 29. Rd8+ Re8 30. Rexe8+ Nxe8 31. Ne4 Re7 32. Be3 Bxe4 33.
fxe4 1-0

[Event "1er Open International de Purticciu"]
[Site "Grosseto Prugna"]
[Date "2014.05.06"]
[Round "3.1"]
[White "Fressinet, Laurent"]
[Black "Macqueen, Calum"]
[Result "1-0"]
[WhiteElo "2711"]
[BlackElo "2226"]
[PlyCount "77"]
[EventDate "2014.??.??"]

1. Nf3 Nf6 2. g3 g6 3. Bg2 Bg7 4. O-O O-O 5. d4 d6 6. a4 a5 7. Bf4 Nc6 8. Nc3
Bf5 9. d5 Nb4 10. Nd4 Bd7 11. e4 c6 12. Qd2 Rc8 13. Nde2 Re8 14. h3 Na6 15. Be3
Nc5 16. Nf4 cxd5 17. exd5 Bf5 18. Bd4 Qb6 19. g4 Bd7 20. Nce2 h6 21. Rfd1 Qc7
22. Nc3 b6 23. Re1 e5 24. dxe6 Nxe6 25. Nxe6 Bxe6 26. Rad1 Red8 27. Qe3 Rb8 28.
Qf4 Ne8 29. Bxg7 Kxg7 30. Bd5 Qe7 31. Qd4+ Qf6 32. Bxe6 fxe6 33. Rxe6 Qxd4 34.
Rxd4 Kf7 35. Re3 Rb7 36. Rf4+ Kg7 37. Nd5 Rf7 38. Rxf7+ Kxf7 39. Re7+ 1-0

[Event "1er Open International de Purticciu"]
[Site "Grosseto Prugna"]
[Date "2014.05.06"]
[Round "3.2"]
[White "Brethes, Francois"]
[Black "Edouard, Romain"]
[Result "0-1"]
[WhiteElo "2257"]
[BlackElo "2692"]
[PlyCount "68"]
[EventDate "2014.??.??"]

1. e4 c5 2. Nf3 d6 3. d4 cxd4 4. Nxd4 Nf6 5. Nc3 a6 6. Bg5 Nbd7 7. f4 Qc7 8.
Qf3 h6 9. Bxf6 Nxf6 10. Nf5 d5 11. Bd3 dxe4 12. Bxe4 e6 13. Ne3 Bb4 14. O-O
Bxc3 15. bxc3 O-O 16. Bd3 Qxc3 17. Rae1 Qc7 18. g4 Qc5 19. Rf2 Bd7 20. Qh3 e5
21. f5 e4 22. Bc4 b5 23. Bb3 Qc3 24. Ree2 b4 25. Qg3 Bb5 26. g5 hxg5 27. Rd2
Rad8 28. Rxd8 Rxd8 29. Qxg5 Qe1+ 30. Kg2 Be2 31. Qg6 Bf3+ 32. Rxf3 exf3+ 33.
Kxf3 Rd2 34. Qxf7+ Kh8 0-1

[Event "1er Open International de Purticciu"]
[Site "Grosseto Prugna"]
[Date "2014.05.06"]
[Round "3.3"]
[White "Beliavsky, Alexander G"]
[Black "Steil-Antoni, Fiona"]
[Result "1-0"]
[WhiteElo "2620"]
[BlackElo "2168"]
[PlyCount "95"]
[EventDate "2014.??.??"]

1. d4 d5 2. c4 e6 3. Nc3 Be7 4. cxd5 exd5 5. Bf4 c6 6. Qc2 Nf6 7. e3 Nh5 8. Be5
Nd7 9. Be2 Nxe5 10. dxe5 g6 11. Bxh5 gxh5 12. O-O-O f6 13. f4 fxe5 14. fxe5 O-O
15. e4 Be6 16. Nf3 Qa5 17. Qb3 Bf7 18. exd5 cxd5 19. e6 Bg6 20. Rxd5 Qc7 21.
Rhd1 Rxf3 22. gxf3 Qxh2 23. R1d2 Qh4 24. Qa4 Qe1+ 25. Qd1 Qxe6 26. Qe2 Qxe2 27.
Rxe2 Bf6 28. Rd7 Bg5+ 29. Kd1 Rf8 30. Rg2 Bh4 31. Ke2 Rf7 32. Rxf7 Kxf7 33. Nd5
Bd8 34. Nf4 h4 35. Nxg6 hxg6 36. Kf1 Bc7 37. Rc2 Be5 38. Kg2 Ke6 39. Kh3 g5 40.
Kg4 Bf4 41. Rc5 Kd7 42. Rf5 Be3 43. Rf6 Kc7 44. Rh6 a5 45. b3 b6 46. Kf5 Kb7
47. Ke4 Bf4 48. Rxh4 1-0

[Event "1er Open International de Purticciu"]
[Site "Grosseto Prugna"]
[Date "2014.05.06"]
[Round "3.4"]
[White "Sahetchian, Armand"]
[Black "Tregubov, Pavel V"]
[Result "0-1"]
[WhiteElo "2202"]
[BlackElo "2616"]
[PlyCount "40"]
[EventDate "2014.??.??"]

1. e4 c5 2. Nf3 e6 3. Nc3 Nc6 4. d4 cxd4 5. Nxd4 Nf6 6. Bc4 Bb4 7. O-O O-O 8.
Nxc6 bxc6 9. e5 Nd5 10. Nxd5 cxd5 11. Bd3 Qc7 12. Qg4 a5 13. Qh4 g6 14. c3 Bc5
15. Re1 Re8 16. Re3 Bxe3 17. Bxe3 Qxe5 18. Bd4 Qh5 19. Qf6 e5 20. Re1 Ba6 0-1

[Event "1er Open International de Purticciu"]
[Site "Grosseto Prugna"]
[Date "2014.05.06"]
[Round "3.5"]
[White "Burmakin, Vladimir"]
[Black "Oswald, David C"]
[Result "1-0"]
[WhiteElo "2578"]
[BlackElo "2108"]
[PlyCount "91"]
[EventDate "2014.??.??"]

1. d4 Nf6 2. c3 d5 3. Bf4 c5 4. e3 Nc6 5. Nd2 Bf5 6. Qb3 Qd7 7. Ngf3 c4 8. Qd1
h6 9. Ne5 Nxe5 10. dxe5 Ne4 11. Nxe4 Bxe4 12. f3 Bg6 13. e4 e6 14. exd5 exd5
15. Be3 Be7 16. Be2 Qc6 17. Qd2 O-O 18. Rd1 Rfd8 19. O-O Bc5 20. Bd4 Bxd4+ 21.
Qxd4 Rac8 22. Rd2 a5 23. Qf2 b5 24. Rfd1 b4 25. Bf1 Rb8 26. Rd4 bxc3 27. bxc3
Qb6 28. Bxc4 dxc4 29. Rxd8+ Rxd8 30. Qxb6 Rxd1+ 31. Kf2 Rd2+ 32. Ke3 Rxa2 33.
Qb5 Rxg2 34. h4 Rc2 35. Qxa5 Bf5 36. Kf4 Bd3 37. h5 Rh2 38. Qd8+ Kh7 39. Qe7
Rxh5 40. Qxf7 Rh4+ 41. Kg3 Rh1 42. f4 Re1 43. Qd5 Re3+ 44. Kg4 g6 45. Qb7+ Kh8
46. Qa8+ 1-0

[Event "1er Open International de Purticciu"]
[Site "Grosseto Prugna"]
[Date "2014.05.06"]
[Round "3.6"]
[White "De Seroux, Camille"]
[Black "Malaniuk, Vladimir P"]
[Result "0-1"]
[WhiteElo "2118"]
[BlackElo "2550"]
[PlyCount "88"]
[EventDate "2014.??.??"]

1. e4 d6 2. d4 Nf6 3. Nc3 e5 4. Nf3 Nbd7 5. Bc4 Be7 6. O-O O-O 7. Re1 c6 8. a4
a5 9. h3 Nb6 10. Ba2 Nfd7 11. Be3 exd4 12. Bxd4 Nc5 13. Qe2 Nbxa4 14. Nxa4 Nxa4
15. Rad1 Qc7 16. e5 d5 17. c4 dxc4 18. Qxc4 b5 19. Qc2 Be6 20. Bxe6 fxe6 21. b3
Nb6 22. Bc5 Bxc5 23. Qxc5 Nd5 24. Ng5 Qc8 25. Qc2 g6 26. Qc5 Qd7 27. Qd6 Qxd6
28. exd6 Rfd8 29. Rxe6 a4 30. bxa4 bxa4 31. Ra1 a3 32. Ne4 a2 33. Nd2 Nb4 34.
Nb3 Nc2 35. Rc1 a1=Q 36. Nxa1 Rxa1 37. Rxa1 Nxa1 38. f4 c5 39. Kf2 Nb3 40. g4
Na5 41. Re5 Nb7 42. f5 Nxd6 43. fxg6 hxg6 44. Re2 Re8 0-1

[Event "1er Open International de Purticciu"]
[Site "Grosseto Prugna"]
[Date "2014.05.06"]
[Round "3.7"]
[White "Koziak, Vitali"]
[Black "Sonis, Francesco"]
[Result "1-0"]
[WhiteElo "2502"]
[BlackElo "2002"]
[PlyCount "83"]
[EventDate "2014.??.??"]

1. Nf3 Nf6 2. g3 g6 3. Bg2 Bg7 4. O-O O-O 5. d4 d6 6. Nc3 Nbd7 7. e4 e5 8. a4
Re8 9. Re1 c6 10. a5 Qc7 11. h3 Nf8 12. Be3 Ne6 13. Qd2 c5 14. dxe5 dxe5 15.
Nd5 Qb8 16. Bh6 Bh8 17. b4 Nxd5 18. exd5 Nd4 19. bxc5 Nxf3+ 20. Bxf3 e4 21.
Rad1 Bxh3 22. Bxe4 Bg4 23. Rb1 Qc7 24. Qb4 Qe5 25. Bg2 Qh5 26. Bf4 Bf3 27. Qxb7
Bd4 28. c4 g5 29. Be3 Bc3 30. Rec1 Bxa5 31. Qb3 g4 32. Qd3 Re5 33. d6 Rd8 34.
Rb5 Kf8 35. Rxa5 Bxg2 36. Kxg2 Qh3+ 37. Kg1 Rh5 38. Qe4 Qh2+ 39. Kf1 Re8 40.
Qg2 Qh1+ 41. Qxh1 Rxh1+ 42. Kg2 1-0

[Event "1er Open International de Purticciu"]
[Site "Grosseto Prugna"]
[Date "2014.05.06"]
[Round "3.8"]
[White "Grove, Michael"]
[Black "Hamitevici, Vladimir"]
[Result "0-1"]
[WhiteElo "2050"]
[BlackElo "2462"]
[PlyCount "110"]
[EventDate "2014.??.??"]

1. e4 b6 2. d4 Bb7 3. Nc3 e6 4. Bd3 Nf6 5. a3 c5 6. dxc5 Bxc5 7. Nf3 Ng4 8. O-O
Nc6 9. b4 Bd6 10. Nb5 Bb8 11. Bb2 a6 12. Nbd4 Ne7 13. Qd2 Ng6 14. Ne2 d5 15.
Rad1 Qe7 16. exd5 Bxd5 17. Qc3 Qb7 18. Qd4 N4e5 19. Be4 Nxf3+ 20. Bxf3 Qc7 21.
Ng3 Bxf3 22. gxf3 e5 23. Qe4 Ra7 24. Rd5 O-O 25. Nf5 f6 26. Rfd1 Nf4 27. Rd6
Qf7 28. Rd8 Rc7 29. Rxf8+ Qxf8 30. Bc1 g6 31. Nd4 Nh3+ 32. Kg2 exd4 33. Kxh3
Qc8+ 34. Kg2 Rxc2 35. Rxd4 Be5 36. Rd8+ Qxd8 37. Qxc2 Kg7 38. Qc6 Qc7 39. Qxc7+
Bxc7 40. Be3 b5 41. h3 Be5 42. Bc1 Kf7 43. Kf1 Ke6 44. Ke2 Bd4 45. Be3 Kd5 46.
Kd3 Bxe3 47. fxe3 g5 48. Kc3 f5 49. Kd3 h5 50. Ke2 Kc4 51. Kd2 g4 52. hxg4 hxg4
53. Ke2 Kc3 54. Kf2 Kd3 55. e4 fxe4 0-1

[Event "1er Open International de Purticciu"]
[Site "Grosseto Prugna"]
[Date "2014.05.06"]
[Round "3.9"]
[White "Terrieux, Kevin"]
[Black "Canonne, Antoine"]
[Result "1-0"]
[WhiteElo "2416"]
[BlackElo "1954"]
[PlyCount "55"]
[EventDate "2014.??.??"]

1. Nf3 Nc6 2. e4 e5 3. c3 Nf6 4. d4 d6 5. Bb5 Bd7 6. Nbd2 Qe7 7. O-O O-O-O 8.
d5 Nb8 9. Bxd7+ Qxd7 10. c4 h5 11. c5 h4 12. Re1 Nh5 13. Nc4 Nf4 14. Bxf4 exf4
15. cxd6 Bxd6 16. Nfe5 Bxe5 17. Nxe5 Qe7 18. Qg4+ Nd7 19. Nxd7 Qxd7 20. Qxf4
Rh6 21. Rac1 Qd6 22. Qxf7 Rf6 23. Qxg7 Rd7 24. Qh8+ Rf8 25. Qxh4 Rdf7 26. Re2
Qe5 27. Qg3 Rf4 28. Qc3 1-0

[Event "1er Open International de Purticciu"]
[Site "Grosseto Prugna"]
[Date "2014.05.06"]
[Round "3.10"]
[White "Le Diouron, Aurelie"]
[Black "Stets, Dmitry"]
[Result "0-1"]
[WhiteElo "1979"]
[BlackElo "2410"]
[PlyCount "42"]
[EventDate "2014.??.??"]

1. d4 Nf6 2. f3 c5 3. d5 e6 4. e4 exd5 5. exd5 d6 6. Bg5 Be7 7. h4 h6 8. Be3
O-O 9. Qd2 Re8 10. Nc3 Nh5 11. O-O-O Ng3 12. Rh2 Bxh4 13. Bd3 Nd7 14. Kb1 Ne5
15. Bxh6 Nxd3 16. cxd3 gxh6 17. Qxh6 Nf5 18. Qh5 Qg5 19. Qxg5+ Bxg5 20. Nb5 Ne3
21. Re1 Bf5 0-1

[Event "1er Open International de Purticciu"]
[Site "Grosseto Prugna"]
[Date "2014.05.06"]
[Round "4.1"]
[White "Hamitevici, Vladimir"]
[Black "Fressinet, Laurent"]
[Result "0-1"]
[WhiteElo "2462"]
[BlackElo "2711"]
[PlyCount "106"]
[EventDate "2014.??.??"]

1. Nf3 Nf6 2. c4 g6 3. d4 Bg7 4. e3 O-O 5. Be2 c5 6. d5 e6 7. Nc3 exd5 8. cxd5
d6 9. Nd2 Na6 10. O-O Nc7 11. e4 Re8 12. a4 b6 13. Re1 Rb8 14. Bb5 Re7 15. Bc6
a6 16. e5 Rxe5 17. Rxe5 dxe5 18. Nc4 b5 19. axb5 axb5 20. Nxe5 b4 21. Na4 Nfxd5
22. Bf4 Bb7 23. Nxf7 Kxf7 24. Bxc7 Nxc7 25. Qf3+ Qf6 26. Bxb7 Qxf3 27. Bxf3 Bd4
28. Rc1 Ne6 29. Bd5 Rd8 30. Bb3 Kf6 31. Kf1 Ra8 32. Bxe6 Rxa4 33. Bb3 Ra5 34.
Rb1 g5 35. h3 h6 36. Bc4 Ra7 37. Bb3 h5 38. Bc4 Ra8 39. g3 Kg6 40. Kg2 Rf8 41.
f3 Ra8 42. Kf1 h4 43. Kg2 hxg3 44. Kxg3 Be5+ 45. Kf2 Rh8 46. Kg2 Rd8 47. b3
Rd2+ 48. Kh1 Bg3 49. Ra1 Kf5 50. Ra8 Kf4 51. Rf8+ Ke3 52. Rf5 Kf2 53. Rd5 Rd4
0-1

[Event "1er Open International de Purticciu"]
[Site "Grosseto Prugna"]
[Date "2014.05.06"]
[Round "4.2"]
[White "Edouard, Romain"]
[Black "Terrieux, Kevin"]
[Result "1-0"]
[WhiteElo "2692"]
[BlackElo "2416"]
[PlyCount "71"]
[EventDate "2014.??.??"]

1. d4 Nf6 2. c4 c5 3. d5 b5 4. cxb5 a6 5. e3 e6 6. Nc3 exd5 7. bxa6 Nxa6 8.
Nxd5 Bb7 9. Bc4 Bxd5 10. Bxd5 Nxd5 11. Qxd5 Nb4 12. Qe4+ Be7 13. Bd2 d5 14. Qb1
Qa5 15. Ne2 Qb5 16. a4 Nd3+ 17. Kf1 Rxa4 18. Nc3 Rxa1 19. Qxa1 Qc6 20. Ke2 Ne5
21. Qa4 Qxa4 22. Nxa4 Kd7 23. Rc1 Nc4 24. Bc3 Rb8 25. Bxg7 Kc6 26. Bc3 Rb3 27.
Kd3 Kb5 28. Ra1 Nxb2+ 29. Nxb2 d4 30. exd4 cxd4 31. Nd1 dxc3 32. Ra7 Bb4 33.
Rb7+ Kc6 34. Rxf7 Ra3 35. Ne3 Ra8 36. Nc2 1-0